000 01027nam a2200289 i 4500
001 151067
003 ES-MaACL
005 20250805075348.0
007 t|
008 150116s1988 sp ||||1| spa d
020 _a84-206-5293-8
080 _a930.85(37/38)
245 0 0 _aHistoria Oxford del mundo clásico /
_c[dirigida por] John Boardman, Jasper Griffin y Oswyn Murray ; versión española de Federico Zaragoza Alberich.
260 _aMadrid :
_bAlianza Editorial,
_c[1988]
300 _a2 v. (958 p.) :
_bil., mapas ;
_c24 cm.
504 _aBibliografía.
505 8 _aContiene: 1. Grecia - ­ 2. Roma
650 4 _aCivilización clásica.
_9139535
650 4 _aCivilización griega.
_9137206
650 7 _aCivilización romana
_2embne
_911103
700 1 _aBoardman, John.
_929630
700 1 _aGriffin, Jasper.
_959996
700 1 _aMurray, Oswyn.
_984645
700 1 _aZaragoza Alberich, Federico.
_9118034
852 _aES-MaACL
_jL-30088-89
_z- Donat. Miguel A. Velasco
999 _c151067
_d151067